Antecedentes y Actas de las sesiones de la Comisión del Salitre encargada del estudio del problema salitrero por Decreto N§ 1196 de 15 de mayo de 1925

Saved in:
Bibliographic Details
Corporate Author: Comisión del salitre (Author)
Format: Book
Language:Spanish
Published: Santiago Sociedad Imprenta y Litografía Universo 1925
Edition:1a. ed
Subjects:
Tags: Add Tag
No Tags, Be the first to tag this record!

MARC

LEADER 00000nam a2200000 a 4500
001 UCJ5989
003 CL-VaPUC
008 070124e19250000CL |||||||||||||||||spa|d
082 0 4 |a 918.3  |b COM  |2 21 
110 2 |a Comisión del salitre  |e author  |9 512060 
245 1 0 |a Antecedentes y Actas de las sesiones de la Comisión del Salitre encargada del estudio del problema salitrero por Decreto N§ 1196 de 15 de mayo de 1925 
250 |a 1a. ed 
300 |a 118 p 
942 |c BK 
945 |d 20070124 00:00:00  |a rinostro 
260 |a Santiago  |b Sociedad Imprenta y Litografía Universo  |c 1925 
500 |a Folleto empastado junto a otros en un volumen rotulado Salitre, Varios, 1925; ubicado en 918.3 ALT 
600 0 7 |a SABIONCELLO, JOSE  |2 CL-VaPUC  |9 512061 
600 0 7 |a BLAIR, DAVID  |2 CL-VaPUC  |9 512062 
600 0 7 |a MOOYER, MAX  |2 CL-VaPUC  |9 512063 
600 0 7 |a BABURIZZA SOLETIC, PASCUAL  |2 CL-VaPUC  |9 510592 
600 0 7 |a THIERMANN, AUGUSTO  |2 CL-VaPUC  |9 512064 
650 7 |a SALITRERAS  |2 CL-VaPUC  |9 375452 
650 7 |a SALITRE SINTETICO  |2 CL-VaPUC  |9 506462 
650 7 |a LEGISLACION  |2 CL-VaPUC  |9 512065 
650 7 |a DOCUMENTOS  |2 CL-VaPUC  |9 366450 
650 0 |a Historia de Chile  |9 265473 
583 |a last modification  |c 20070124 00:00:00  |k Rodrigo Vera 
999 |c 322097  |d 322095 
952 |0 0  |1 0  |4 0  |6 918_300000000000000_COM_1925  |7 0  |8 X  |9 401013  |a FDOBUD  |b FDOBUD  |d 2019-11-22  |i 1042343  |o 918.3 COM 1925  |p 1042343  |r 2019-11-22  |w 2019-11-22  |y BK_X  |k BUD